| 000 | 00961cam a2200205 4500500 | ||
|---|---|---|---|
| 005 | 20260222003209.0 | ||
| 041 | _afre | ||
| 042 | _adc | ||
| 100 | 1 | 0 |
_aRacamier, Paul-Claude _eauthor |
| 245 | 0 | 0 | _aL'incestuel |
| 260 | _c2006. | ||
| 500 | _a85 | ||
| 520 | _aRésumé« Incestuel » qualifie ce qui dans la vie psychique individuelle et familiale porte l’empreinte de l’inceste non fantasmé, sans qu’en soient nécessairement accomplies les formes génitales. L’incestuel est en quelque sorte pris en tenaille entre l’inceste fantasmé et l’inceste génitalement accompli. Son aire, singulière, est spécifique (et plutôt que d’une aire, faudra-t-il parler d’une faille). | ||
| 690 | _aagir | ||
| 690 | _afamille | ||
| 690 | _anon-dit | ||
| 690 | _atransgression | ||
| 786 | 0 | _nEmpan | 62 | 2 | 2006-06-15 | p. 39-46 | 1152-3336 | |
| 856 | 4 | 1 | _uhttps://shs.cairn.info/revue-empan-2006-2-page-39?lang=fr&redirect-ssocas=7080 |
| 999 |
_c1667178 _d1667178 |
||